| 000 | 02066nam a22002177a 4500 | ||
|---|---|---|---|
| 999 |
_c58488 _d58488 |
||
| 003 | Ge_BSU | ||
| 005 | 20221221133215.0 | ||
| 008 | 220412s2022 ge ||||| |||| 00| 0 geo d | ||
| 041 | _ageo | ||
| 080 | _a33 ფ-78 | ||
| 100 |
_aფოლადაშვილი, თამარ _913667 |
||
| 245 |
_aუმაღლესი განათლების კურსდამთავრებულთა კონკურენტუნარიანობა შრომის ბაზარზე და მისი ამაღლების გზები : _bდისერტაცია / _cთამარ ფოლადაშვილი; სამეცნიერო ხელმძღვანელი ნ. წიკლაშვილი; ბათუმის შოთა რუსთაველის სახელმწიფო უნივერსიტეტი. ეკონომიკისა და ბიზნესის ფაკულტეტი. ბიზნესის ადმინისტრირების, მენეჯმენტისა და მარკეტინგის დარგობრივი დეპარტამენტი. |
||
| 264 |
_aბათუმი, _c2020. |
||
| 300 |
_a167 გვ.; _b30 სმ. |
||
| 504 | _aბიბლიოგრ. გვ.151-160 | ||
| 653 | _aეკონომიკა | ||
| 653 | _aდისერტაცია | ||
| 700 |
_aწიკლაშვილი, ნ. _eსამეცნიერო ხელმძღვანელი _910800 |
||
| 710 |
_a ბათუმის შოთა რუსტაველის სახელმწიფო უნივერსიტეტი. _bეკონომიკისა და ბიზნესის ფაკულტეტი. ბიზნესის ადმინისტრირების, მენეჯმენტისა და მარკეტინგის დარგობრივი დეპარტამენტი _913668 |
||
| 942 |
_2udc _cDS |
||